Giáo trình vi sinh vật môi trường

Nội dung giới thiệu về vi sinh vật môi trường, vi sinh vật đất, vi sinh vật trong không khí, vi sinh vật trong nước.

Gespeichert in:
Bibliographische Detailangaben
1. Verfasser: Cao, Ngọc Điệp
Format: Buch
Sprache:Undetermined
Veröffentlicht: Cần Thơ Đại học Cần Thơ 2010
Schlagworte:
Tags: Tag hinzufügen
Keine Tags, Fügen Sie den ersten Tag hinzu!
Thư viện lưu trữ: Trung tâm Học liệu Trường Đại học Cần Thơ
LEADER 00890nam a2200217Ia 4500
001 CTU_192542
008 210402s9999 xx 000 0 und d
082 |a 579.17 
082 |b Đ307 
100 |a Cao, Ngọc Điệp 
245 0 |a Giáo trình vi sinh vật môi trường 
245 0 |c Cao Ngọc Điệp, Nguyễn Hữu Hiệp 
260 |a Cần Thơ 
260 |b Đại học Cần Thơ 
260 |c 2010 
520 |a Nội dung giới thiệu về vi sinh vật môi trường, vi sinh vật đất, vi sinh vật trong không khí, vi sinh vật trong nước. 
526 |a Vi sinh vật học môi trường,Cố định đạm sinh học 
526 |b CSV615,CSS606 
650 |a Microbial ecology,Sinh thái học vi khuẩn 
904 |i Trúc 
980 |a Trung tâm Học liệu Trường Đại học Cần Thơ